000 00302nam a22001217a 4500
008 170619b xxu||||| |||| 00| 0 eng d
041 _aeng
080 _a94(100)
100 _a16
101 _aSHH
245 _aINTERNATIONAL RELATIONS BETWEEN THE TWO ROLD WARS, 1919-1939
_cCARR,E.H
942 _2udc
_cBK
999 _c18190
_d18190